| 000 | 00539nam a2200193 a 4500 | ||
|---|---|---|---|
| 001 | 2248 | ||
| 005 | 20140414131855.0 | ||
| 008 | 001110s19uu xx 00 eng d | ||
| 020 | _a0-937934-19-4 | ||
| 050 |
_aM 591 _bW37 1988 |
||
| 100 | _aWexo, John Bonnett | ||
| 245 |
_aAnimal champions: zoobooks / _cJohn Bonnett Wexo. |
||
| 260 |
_aSan Diego, CA : _bWildlife Education. |
||
| 300 | _a1 v. (unp.) : ill. ; cm. | ||
| 440 | _aZoobooks | ||
| 500 | _aDecember 1988 Volume Six Number Three | ||
| 650 | _aAnimals. | ||
| 999 |
_c110414 _d110414 |
||